000 00649nam a2200229 4500
001 sa 68012981
003 DLC
005 20260227112618.0
008 691027s1968 ii b 00010 eng
010 _asa 68012981
025 _aPL480:I-E-10247
050 0 _aHC435.2
_b.S543
082 _a338.954
100 1 0 _aShenoy, Bellikoth Raghunath,
_d1908-
245 1 _aIndian economic policy
_c[by] B. R. Shenoy.
260 0 _aBombay,
_bPopular Prakashan
_c[1968]
300 _axviii, 354 p.
_c23 cm.
350 _a25.00
504 _aBibliographical footnotes.
651 0 _aIndia
_xEconomic policy.
651 0 _aIndia
_xEconomic conditions
_y1947-
999 _c84854
_d84854